000 00803cam a2200313 4500
001 B173
008 090401t1986 xxu||||| |||| 00| 0 eng d
035 _a(Sirsi) u33991
041 _aeng
050 _a333.33016
110 _aJones Lang Wootton
_92909
245 4 _aThe Property index - March 31st 1986
260 _aLondon
_bJones Lang Wootton
_c1986
300 _a1 folded sheet (6p.) ; 30cm.
350 _a0
650 _aPROPERTY-COMMERCIAL PROPERTY
650 _aFARM LAND
650 _aINDUSTRIAL PROPERTY
650 _aINVESTMENT
650 _aOFFICES
650 _aPROPERTY INDEXES
650 _aPROPERTY
650 _aSHOPS
710 _aHealey and Baker
_91907
710 _aHillier Parker
_92054
710 _aRichard Ellis
_91875
942 _n0
948 _c04/03/1997
999 _c89892
_d89892